Which NHL Player Am I? - Statistics

General Stats
  • This quiz has been taken 1,145 times
  • The average score is 7 of 15
Answer Stats
Hint % Correct
I am the youngest captain in NHL history. Connor McDavid
83%
When I am healthy, I am the best player in the world. Sidney Crosby
81%
I originally played for the Bruins, but found a new home in San Jose. Joe Thornton
75%
I am the largest player in the history of the NHL. Zdeno Chara
67%
______ The Great. Alex Ovechkin
63%
I am the leader of the Senators, and have beautiful hair. Erik Karlsson
60%
You hate me unless my team is your favorite, tiny but tough. Brad Marchand
58%
Age is just a number, right? My point totals agree. Jaromir Jagr
56%
Just left Montreal, you probably hate me. P.K. Subban
41%
Protected the pipes for the defending Stanley Cup champs. Matt Murray
28%
I had one fantastic season with the Sharks, and no one has heard about me since. Jonathon Cheechoo
25%
I have amazing talent, but will never go far with the team I currently play for. Auston Matthews
21%
Speedy Swede, no I am not related to the other guy. Filip Forsberg
21%
The only thing I can do properly is injure a referee. Dennis Wideman
14%
I had a good run in Calgary, but it's been downhill since then. Dion Phaneuf
4%
No matching quizzes found
Score Distribution
Percent of People with Each Score
Percentile by Number Answered
Your Score History
You have not taken this quiz